<?xml version='1.0' encoding='UTF-8'?>
  <record xmlns="http://www.loc.gov/MARC21/slim">
    <leader>00000cam a2200000 i 4500</leader>
    <controlfield tag="001">ocm64780573</controlfield>
    <controlfield tag="003">OCoLC</controlfield>
    <controlfield tag="005">20240210015139.5</controlfield>
    <controlfield tag="008">880606s1598    ne            000 0 dut d</controlfield>
    <datafield tag="040" ind1=" " ind2=" ">
      <subfield code="a">NLGGC</subfield>
      <subfield code="b">dut</subfield>
      <subfield code="e">rda</subfield>
      <subfield code="e">dcrmb</subfield>
      <subfield code="e">fobidrtb</subfield>
      <subfield code="c">NLGGC</subfield>
      <subfield code="d">QGE</subfield>
      <subfield code="d">OCLCQ</subfield>
    </datafield>
    <datafield tag="026" ind1=" " ind2=" ">
      <subfield code="e">159808 - b1 A2 wa : b2 Q2 $den$</subfield>
      <subfield code="2">stcnf</subfield>
      <subfield code="5">QGE</subfield>
    </datafield>
    <datafield tag="029" ind1="0" ind2=" ">
      <subfield code="a">NLGGC</subfield>
      <subfield code="b">047006374</subfield>
    </datafield>
    <datafield tag="035" ind1=" " ind2=" ">
      <subfield code="a">(OCoLC)64780573</subfield>
    </datafield>
    <datafield tag="041" ind1="0" ind2=" ">
      <subfield code="a">dut</subfield>
    </datafield>
    <datafield tag="072" ind1=" " ind2="7">
      <subfield code="a">h</subfield>
      <subfield code="2">odfysin</subfield>
    </datafield>
    <datafield tag="072" ind1=" " ind2="7">
      <subfield code="a">j</subfield>
      <subfield code="2">odfysin</subfield>
    </datafield>
    <datafield tag="072" ind1=" " ind2="7">
      <subfield code="a">x</subfield>
      <subfield code="2">odfysin</subfield>
    </datafield>
    <datafield tag="245" ind1="0" ind2="0">
      <subfield code="a">Antwoorde op de valsche beschuldiginghen door een zeker ghesworen vijandt der Ghereformeerde religie, onder den titel ofte name van de Iustificatie van Leyden ... Midtsgaders de Verantwoordinghe van den dienaer, ouderlinghen en̄ diaconen der kercke tot Leyden, naer het wt-gheven van de Justificatie ghestelt ...</subfield>
    </datafield>
    <datafield tag="260" ind1=" " ind2=" ">
      <subfield code="a">Tot Rotterdam, :</subfield>
      <subfield code="b">by Jan van Waesberghe ...,</subfield>
      <subfield code="c">1598.</subfield>
    </datafield>
    <datafield tag="300" ind1=" " ind2=" ">
      <subfield code="a">165, [1], 79, [3] pagina's ;</subfield>
      <subfield code="c">in-8.</subfield>
    </datafield>
    <datafield tag="336" ind1=" " ind2=" ">
      <subfield code="a">tekst</subfield>
      <subfield code="b">txt</subfield>
      <subfield code="2">rdacontent/dut</subfield>
    </datafield>
    <datafield tag="337" ind1=" " ind2=" ">
      <subfield code="a">zonder medium</subfield>
      <subfield code="b">n</subfield>
      <subfield code="2">rdamedia/dut</subfield>
    </datafield>
    <datafield tag="338" ind1=" " ind2=" ">
      <subfield code="a">band</subfield>
      <subfield code="b">nc</subfield>
      <subfield code="2">rdacarrier/dut</subfield>
    </datafield>
    <datafield tag="340" ind1=" " ind2=" ">
      <subfield code="a">papier</subfield>
      <subfield code="m">in-8</subfield>
    </datafield>
    <datafield tag="500" ind1=" " ind2=" ">
      <subfield code="a">A-P⁸ Q⁴ (Q4 blanco).</subfield>
    </datafield>
    <datafield tag="500" ind1=" " ind2=" ">
      <subfield code="a">Drukkersmerk, motto: Literae Immortalitatem Parivnt.</subfield>
    </datafield>
    <datafield tag="510" ind1="0" ind2=" ">
      <subfield code="a">Hillerbrand 3318</subfield>
    </datafield>
    <datafield tag="530" ind1=" " ind2=" ">
      <subfield code="a">Titel is geselecteerd voor digitalisering voor de Universiteit van Amsterdam in het kader van het Google Books-project.</subfield>
    </datafield>
    <datafield tag="710" ind1="1" ind2=" ">
      <subfield code="a">Waesberge, Jan van (II, Rotterdam)</subfield>
      <subfield code="4">prt</subfield>
      <subfield code="0">(NL-LeOCL)112190189</subfield>
    </datafield>
    <datafield tag="752" ind1=" " ind2=" ">
      <subfield code="a">Nederland</subfield>
      <subfield code="b">Zuid-Holland</subfield>
      <subfield code="d">Rotterdam</subfield>
      <subfield code="e">plaats van uitgave</subfield>
      <subfield code="f">aende Merckt</subfield>
      <subfield code="g">inde Fame</subfield>
      <subfield code="4">pup</subfield>
    </datafield>
    <datafield tag="776" ind1="0" ind2=" ">
      <subfield code="t">Antwoorde op de valsche beschuldiginghen door een zeker ghesworen vijandt der Ghereformeerde religie, onder den titel ofte name van de Iustificatie van Leyden ... Midtsgaders de Verantwoordinghe van den dienaer, ouderlinghen en̄ diaconen der kercke tot Leyden, naer het wt-gheven van de Justificatie ghestelt ..</subfield>
      <subfield code="w">(NL-LeOCL)396637701</subfield>
    </datafield>
    <datafield tag="776" ind1="0" ind2=" ">
      <subfield code="t">Antwoorde op de valsche beschuldiginghen door een zeker ghesworen vijandt der Ghereformeerde religie, onder den titel ofte name van de Iustificatie van Leyden ... Midtsgaders de Verantwoordinghe van den dienaer, ouderlinghen en̄ diaconen der kercke tot Leyden, naer het wt-gheven van de Justificatie ghestelt ..</subfield>
      <subfield code="w">(NL-LeOCL)401742334</subfield>
    </datafield>
  </record>